Statystyki dla Państwa z hipopotamami

Kliknij tutaj aby rozwiązać quiz!

Ogólne statystyki

  • Ten quiz został rozwiązany 47 razy
  • Średni wynik to 24 z 31

Statystyki odpowiedzi

Państwo% Poprawnych
Republika Południowej Afryki
98%
Demokratyczna Republika Konga
95%
Etiopia
93%
Kenia
93%
Nigeria
93%
Tanzania
88%
Angola
86%
Kongo
84%
Sudan Południowy
84%
Ghana
79%
Uganda
79%
Gwinea
77%
Kamerun
77%
Mozambik
77%
Namibia
77%
Republika Środkowoafrykańska
77%
Senegal
77%
Somalia
77%
Gabon
74%
Zimbabwe
74%
Botswana
72%
Togo
72%
Wybrzeże Kości Słoniowej
72%
Zambia
72%
Benin
67%
Gwinea Bissau
63%
Malawi
63%
Gambia
60%
Liberia
58%
Sierra Leone
58%
Burkina Faso
53%

Rozkład punktacji

Percentyl według liczby udzielonych odpowiedzi

Procent ludzi z każdym wynikiem

Twoja historia wyników

Nie rozwiązałeś tego quizu